| 000 | 00397nam a2200157 i 4500 | ||
|---|---|---|---|
| 001 | 27283 | ||
| 003 | ES-MaACL | ||
| 005 | 20230906153606.0 | ||
| 007 | t| | ||
| 008 | 030114s1962 sp ||||1| spa d | ||
| 245 | 0 | 0 | _aAtlas de España. |
| 260 |
_aZaragoza : _bLuis Vives, _c[1962] |
||
| 300 |
_aXVI, 26 p. de mapas ; _c32 cm. |
||
| 651 | 4 |
_aEspaña- _vMapas. _9138074 |
|
| 852 | 4 |
_aES-MaACL _jC-22338 |
|
| 999 |
_c27283 _d27283 |
||